| 000 | 00343nam a2200133Ia 4500 | ||
|---|---|---|---|
| 008 | 240624s9999 xx 000 0 und d | ||
| 041 | _aeng | ||
| 082 | _a332.6 MCM | ||
| 100 | _aMCMILLAN MICHAEL G | ||
| 245 | _aINVESTMENTS PRINCIPLES OF PORTFOLIO AND | ||
| 260 |
_c2011 _aNew Jersey _bJohn Wiley & Sons |
||
| 300 | _a620 : p. | ||
| 365 |
_c _b30 |
||
| 999 |
_c20185 _d20185 |
||